|
|
|
|
| LEADER |
01412nam a2200325Ia 4500 |
| 001 |
33243 |
| 003 |
BD-DhAAL |
| 005 |
20250623155908.0 |
| 008 |
180719t2002 dcua b 000 0 eng d |
| 035 |
|
|
|a (OCoLC)51618181
|
| 035 |
|
|
|a 4700108
|
| 040 |
|
|
|a FQG
|c FQG
|d BD-DhAAL
|
| 043 |
|
|
|a n-us---
|
| 082 |
|
|
|a 353.007232
|
| 245 |
0 |
0 |
|a Vision + voice /
|
| 246 |
3 |
|
|a Vision and voice
|
| 260 |
|
|
|a Washington, DC :
|b U.S. General Services Administration, Public Buildings Service, Office of the Chief Architect, Center for Design Excellence and the Arts,
|c 2002.
|
| 300 |
|
|
|a 75 pages :
|b illustrations ;
|c 23 cm.
|
| 362 |
|
|
|a volume 1 Design excellence in federal architecture : building a legacy
|
| 504 |
|
|
|a Includes bibliographical references
|
| 526 |
|
|
|a ARC
|
| 541 |
|
|
|a Department of Architecture
|e 33243
|
| 610 |
|
|
|a United States.
|b General Services Administration.
|9 27558
|
| 650 |
|
0 |
|a Public buildings
|z United States.
|9 27559
|
| 650 |
|
0 |
|a Architecture and state
|z United States.
|9 27560
|
| 710 |
1 |
|
|a United States.
|b Center for Design Excellence and the Arts.
|9 27561
|
| 852 |
|
|
|a Department of Architecture
|c General Stacks
|
| 942 |
|
|
|2 ddc
|c BK
|
| 999 |
|
|
|c 39866
|d 39866
|
| 952 |
|
|
|0 0
|1 0
|2 ddc
|4 0
|6 353_007232000000000_VIS
|7 0
|9 63874
|a BRACUL
|b BRACUL
|c GEN
|d 2018-07-19
|e Department of Architecture
|l 0
|o 353.007232 VIS
|p 3010033243
|r 2018-07-19
|t 1
|w 2018-07-19
|y BK
|x Transferred from ARC to BRACUL on 28/12/2023
|